Information policy and scientific research

Guardat en:
Dades bibliogràfiques
Autor principal: Manten, Arie A.
Format: Llibre
Idioma:Undetermined
Publicat: New York Elsevier Science Publishing Company, Inc. 1983
Matèries:
Etiquetes: Afegir etiqueta
Sense etiquetes, Sigues el primer a etiquetar aquest registre!
Thư viện lưu trữ: Trung tâm Học liệu Trường Đại học Cần Thơ
LEADER 00518nam a2200181Ia 4500
001 CTU_84102
008 210402s9999 xx 000 0 und d
082 |a 001.4 
082 |b M291 
100 |a Manten, Arie A. 
245 0 |a Information policy and scientific research 
245 0 |c Arie A. Manten 
260 |a New York 
260 |b Elsevier Science Publishing Company, Inc. 
260 |c 1983 
650 |a Science and state 
904 |i QHieu(sửa) 
980 |a Trung tâm Học liệu Trường Đại học Cần Thơ